| 000 | 00428nam a2200169Ia 4500 | ||
|---|---|---|---|
| 003 | GCL | ||
| 008 | 140319s9999 xx 000 0 eng d | ||
| 040 |
_aGCL / _cGCL |
||
| 082 | 0 | 4 |
_a338.9 _bD D |
| 100 | 1 | _aDADGE, RAY | |
| 245 | 1 | 0 |
_aADOLESCENT DEVELOPMENT / _cDADGE, RAY |
| 700 | 1 | _aKENNY, MAVREE | |
| 260 |
_a[S.N] : _bBROWN AND BENCHMANK PUBBISERS ، _c1994 |
||
| 300 | _a536 | ||
| 650 | 0 | 4 | _aADOLESCENCE |
| 942 |
_2ddc _cBK |
||
| 999 |
_c17017 _d17017 |
||